[Event "South Wales Autumn Open"]
[Site "Newport"]
[Date "2018.11.17"]
[Round "2.10"]
[White "May, Adam J"]
[Black "Chung, Ethan Cheung Jing"]
[Result "1-0"]
[WhiteElo "1913"]
[BlackElo "1584"]
[PlyCount "69"]
[EventDate "2018.11.16"]
[EventType "swiss"]
[EventRounds "5"]
[EventCountry "WLS"]
[SourceDate "2018.11.17"]

1. c4 e5 2. g3 Nf6 3. Bg2 Bc5 4. Nc3 Nc6 5. Nf3 d6 6. d3 Be6 7. a3 Qd7 8. b4
Bb6 9. Bb2 Bh3 10. O-O Bxg2 11. Kxg2 h5 12. h4 Rh6 13. e3 Rg6 14. d4 exd4 15.
exd4 a6 16. Re1+ Ne7 17. Qb3 Ba7 18. c5 Nfg8 19. Ng5 O-O-O 20. Rac1 d5 21. b5
a5 22. b6 cxb6 23. Nb5 Kb8 24. Nd6 bxc5 25. dxc5 Nh6 26. Qxb7+ Qxb7 27. Nxb7
Kxb7 28. Rxe7+ Ka8 29. c6 Rc8 30. c7 Rd6 31. Be5 Rb6 32. Nxf7 Ng4 33. Bd4 Ra6
34. Bxa7 Kxa7 35. Rd7 1-0

[Event "South Wales Autumn Open"]
[Site "Newport"]
[Date "2018.11.17"]
[Round "2.11"]
[White "Jansen Van Rensburg, Leon"]
[Black "Turner, Joseph David"]
[Result "0-1"]
[WhiteElo "1568"]
[BlackElo "1860"]
[PlyCount "55"]
[EventDate "2018.11.16"]
[EventType "swiss"]
[EventRounds "5"]
[EventCountry "WLS"]
[SourceDate "2018.11.17"]

1. e4 e5 2. f4 Nc6 3. Nf3 f5 4. exf5 e4 5. Qe2 d5 6. g4 Qe7 7. Ng5 Nd4 8. Qd1
h6 9. c3 hxg5 10. Qa4+ Nc6 11. Bb5 Bd7 12. O-O gxf4 13. Rxf4 Qh4 14. Rf2 Bc5
15. d4 exd3 16. Qf4 Bxf2+ 17. Qxf2 Qxg4+ 18. Kf1 Qd1+ 19. Qe1+ Qxe1+ 20. Kxe1
Rxh2 21. Bxd3 Ne5 22. Bf1 Nf3+ 23. Kd1 Bxf5 24. Bf4 Rf2 25. Be2 Ng1 26. Be3
Rxe2 27. Bxg1 Rxb2 28. Nd2 0-1

[Event "South Wales Autumn Open"]
[Site "Newport"]
[Date "2018.11.17"]
[Round "3.1"]
[White "Varley, Peter"]
[Black "Pleasants, Allan J"]
[Result "1-0"]
[WhiteElo "2176"]
[BlackElo "2064"]
[Annotator "John Thornton"]
[PlyCount "61"]
[EventDate "2018.11.16"]
[EventType "swiss"]
[EventRounds "5"]
[EventCountry "WLS"]
[SourceDate "2018.11.17"]

1. e4 g6 2. d4 Bg7 3. c4 d6 4. Nc3 Nc6 5. Be3 Nf6 6. d5 Ne5 7. f4 Ned7 8. Nf3
O-O 9. Bd3 e6 10. O-O exd5 11. cxd5 Ng4 12. Bd2 c6 13. Qe1 Qb6+ 14. Kh1 Nc5 15.
Bc2 Qxb2 16. Rc1 Bd7 17. h3 Nf6 18. Qh4 Rae8 19. f5 b5 20. Nd1 Qa3 21. Nf2 cxd5
22. exd5 Re2 23. Ng4 Nxg4 24. hxg4 Qb2 25. Ng5 h6 26. fxg6 Rxd2 $4 27. gxf7+
Kh8 28. Qh5 Ne6 29. dxe6 Bc6 30. Be4 Rd5 31. Qg6 1-0

[Event "South Wales Autumn Open"]
[Site "Newport"]
[Date "2018.11.17"]
[Round "3.2"]
[White "Waddington, Mike P"]
[Black "Bevan, Peter M"]
[Result "1-0"]
[WhiteElo "2080"]
[BlackElo "1884"]
[PlyCount "41"]
[EventDate "2018.11.16"]
[EventType "swiss"]
[EventRounds "5"]
[EventCountry "WLS"]
[SourceDate "2018.11.17"]

1. Nc3 d5 2. e4 dxe4 3. Nxe4 Nd7 4. Bc4 e6 5. Nf3 Ngf6 6. Ng3 Be7 7. O-O O-O 8.
d4 b6 9. Qe2 Bb7 10. Rd1 Bd5 11. Bd3 c5 12. c3 Re8 13. Bf4 Qc8 14. Ne5 Qb7 15.
Ba6 Qc7 16. Bb5 Bd6 17. Nxd7 Nxd7 18. Bxd6 Qxd6 19. dxc5 Nxc5 20. Bxe8 Rxe8 21.
c4 1-0

[Event "South Wales Autumn Open"]
[Site "Newport"]
[Date "2018.11.17"]
[Round "3.3"]
[White "Van Kemenade, Rudy"]
[Black "Young, Alan"]
[Result "1/2-1/2"]
[WhiteElo "1953"]
[BlackElo "2040"]
[PlyCount "71"]
[EventDate "2018.11.16"]
[EventType "swiss"]
[EventRounds "5"]
[EventCountry "WLS"]
[SourceDate "2018.11.17"]

1. f4 d5 2. Nf3 Nf6 3. g3 g6 4. Bg2 c5 5. d3 Nc6 6. O-O Bg7 7. c3 O-O 8. Qe1 b6
9. h3 Bb7 10. g4 e6 11. Na3 Rc8 12. e4 dxe4 13. dxe4 Ba6 14. Rf2 Qc7 15. e5 Nd5
16. g5 Nce7 17. Nd2 Nf5 18. Ne4 Rfd8 19. Nf6+ Nxf6 20. exf6 Bf8 21. Be4 Bb7 22.
Bxb7 Qxb7 23. Nc4 Rd3 24. Kh2 Rcd8 25. Bd2 Qd5 26. Ne3 Nxe3 27. Bxe3 Qe4 28.
Bd2 Qf5 29. Be3 Rxe3 30. Qxe3 Rd3 31. Qe2 Bd6 32. Qg4 Qe4 33. Rg1 c4 34. Qg2
Qf5 35. Qg4 Qd5 36. Qg2 1/2-1/2

[Event "South Wales Autumn Open"]
[Site "Newport"]
[Date "2018.11.17"]
[Round "3.4"]
[White "Cizek, Ondrej"]
[Black "Garcia, Jason"]
[Result "1/2-1/2"]
[WhiteElo "1849"]
[BlackElo "2011"]
[PlyCount "92"]
[EventDate "2018.11.16"]
[EventType "swiss"]
[EventRounds "5"]
[EventCountry "WLS"]
[SourceDate "2018.11.17"]

1. e4 c5 2. Nc3 Nc6 3. g3 g6 4. Bg2 Bg7 5. d3 e6 6. Be3 d6 7. Nge2 Nge7 8. O-O
O-O 9. Rb1 Rb8 10. Qd2 b5 11. Bh6 b4 12. Nd1 d5 13. Bxg7 Kxg7 14. Ne3 f5 15.
exd5 Nxd5 16. Nxd5 exd5 17. Nf4 Ne7 18. Qe3 Qd6 19. Rfe1 Rf7 20. Qe5+ Qxe5 21.
Rxe5 c4 22. dxc4 dxc4 23. Rbe1 Ng8 24. Bd5 Rc7 25. Re8 Nf6 26. R8e7+ Rxe7 27.
Rxe7+ Kh6 28. Bxc4 Bb7 29. Nd3 a5 30. Ne5 Bd5 31. Bxd5 Nxd5 32. Rd7 Rb5 33.
Nf7+ Kh5 34. h4 Nf6 35. Rd2 Ne4 36. Nd6 Nxd6 37. Rxd6 Rc5 38. Rd2 g5 39. hxg5
Kxg5 40. Kf1 f4 41. Kg2 h5 42. c3 bxc3 43. bxc3 fxg3 44. fxg3 Rxc3 45. Rd5+ Kg4
46. Rd4+ Kg5 1/2-1/2

[Event "South Wales Autumn Open"]
[Site "Newport"]
[Date "2018.11.17"]
[Round "3.5"]
[White "Fathallah, Joe"]
[Black "White, Ernest M"]
[Result "1-0"]
[WhiteElo "1963"]
[BlackElo "1806"]
[PlyCount "87"]
[EventDate "2018.11.16"]
[EventType "swiss"]
[EventRounds "5"]
[EventCountry "WLS"]
[SourceDate "2018.11.17"]

1. d4 f5 2. g3 g6 3. Bg2 Bg7 4. Nf3 Nf6 5. O-O O-O 6. c4 d6 7. Nc3 Nc6 8. d5
Ne5 9. Nxe5 dxe5 10. c5 Rb8 11. Qb3 Kh8 12. Rd1 a6 13. Bd2 Qe8 14. Be1 Qf7 15.
Qa3 Ne8 16. b4 e4 17. Rab1 b5 18. Qc1 Be5 19. a4 Qf6 20. axb5 axb5 21. Ra1 e6
22. Ra5 exd5 23. Nxd5 Qf7 24. Bc3 Bxc3 25. Qxc3+ Kg8 26. Qe5 Be6 27. Nc3 Bc4
28. e3 Qf6 29. Qxf6 Rxf6 30. Bf1 Bxf1 31. Kxf1 c6 32. Ra7 Re6 33. Rdd7 Nf6 34.
Rg7+ Kf8 35. Raf7+ Ke8 36. Ne2 Ra8 37. Nd4 Ra1+ 38. Kg2 Nh5 39. Nxe6 Nxg7 40.
Rxg7 Rb1 41. Nd4 Rxb4 42. Nxc6 Rc4 43. Nd4 Rxc5 44. Rb7 1-0

[Event "South Wales Autumn Open"]
[Site "Newport"]
[Date "2018.11.17"]
[Round "3.6"]
[White "Toczek, Grzegorz"]
[Black "May, Adam J"]
[Result "1-0"]
[WhiteElo "2263"]
[BlackElo "1913"]
[PlyCount "35"]
[EventDate "2018.11.16"]
[EventType "swiss"]
[EventRounds "5"]
[EventCountry "WLS"]
[SourceDate "2018.11.17"]

1. e4 c6 2. d4 d5 3. Nd2 dxe4 4. Nxe4 Bf5 5. Ng3 Bg6 6. Nh3 e6 7. Nf4 Bd6 8. c3
Nf6 9. Bc4 Qd7 10. Qf3 Na6 11. Bxa6 bxa6 12. O-O O-O 13. Nxg6 hxg6 14. Bg5 Nd5
15. Ne4 a5 16. Rad1 Nb6 17. Qh3 Bc7 18. Nf6+ 1-0

[Event "South Wales Autumn Open"]
[Site "Newport"]
[Date "2018.11.17"]
[Round "3.7"]
[White "Turner, Joseph David"]
[Black "Roberts, Paul"]
[Result "1-0"]
[WhiteElo "1860"]
[BlackElo "2171"]
[PlyCount "69"]
[EventDate "2018.11.16"]
[EventType "swiss"]
[EventRounds "5"]
[EventCountry "WLS"]
[SourceDate "2018.11.17"]

1. e4 d6 2. d4 Nf6 3. Nc3 e5 4. Nf3 Nbd7 5. g4 Nxg4 6. Rg1 Ngf6 7. Bc4 h6 8.
dxe5 dxe5 9. Be3 c6 10. Qd3 Qc7 11. O-O-O b5 12. Bb3 Bb7 13. Nh4 g5 14. Nf5 Nc5
15. Bxc5 Bxc5 16. Qf3 Be7 17. Ng7+ Kf8 18. Nh5 c5 19. Nxf6 c4 20. Nxb5 Qc6 21.
Nd7+ Kg7 22. Nxe5 Qf6 23. Qxf6+ Bxf6 24. Nxc4 Bxe4 25. Ncd6 Bg6 26. f4 Rhd8 27.
h4 a6 28. Nc7 Rab8 29. hxg5 hxg5 30. fxg5 Be5 31. Nxa6 Bxd6 32. Rxd6 Rxd6 33.
Nxb8 Rd8 34. Nc6 Rd6 35. Ne5 1-0

[Event "South Wales Autumn Open"]
[Site "Newport"]
[Date "2018.11.17"]
[Round "3.8"]
[White "Whitehead, Mark A"]
[Black "Waterfield, John W"]
[Result "1-0"]
[WhiteElo "1922"]
[BlackElo "1929"]
[PlyCount "77"]
[EventDate "2018.11.16"]
[EventType "swiss"]
[EventRounds "5"]
[EventCountry "WLS"]
[SourceDate "2018.11.17"]

1. e4 c5 2. Nc3 g6 3. g3 Bg7 4. Bg2 Nc6 5. d3 d6 6. Nge2 e6 7. Be3 Nd4 8. O-O
Ne7 9. f4 f5 10. Rb1 Qa5 11. a3 O-O 12. Bf2 Rb8 13. Nxd4 cxd4 14. Ne2 e5 15.
Qe1 Qxe1 16. Rfxe1 Bd7 17. c4 b5 18. b3 Bc6 19. exf5 Bxg2 20. Kxg2 gxf5 21.
Nxd4 bxc4 22. dxc4 Rb7 23. Ne6 Rfb8 24. Nxg7 Kxg7 25. fxe5 dxe5 26. Rxe5 Kf6
27. Rbe1 Ng6 28. Re6+ Kf7 29. b4 a5 30. Bc5 axb4 31. axb4 f4 32. R6e4 fxg3 33.
hxg3 Rc8 34. Rf1+ Kg8 35. Rf5 Rbc7 36. Kf3 Rf7 37. Rxf7 Kxf7 38. Bd6 Ra8 39. b5
1-0

[Event "South Wales Autumn Open"]
[Site "Newport"]
[Date "2018.11.17"]
[Round "3.9"]
[White "Taylor, Robert Graham"]
[Black "Denham, Colin"]
[Result "1-0"]
[WhiteElo "1840"]
[BlackElo "1651"]
[Annotator "John Thornton"]
[PlyCount "71"]
[EventDate "2018.11.16"]
[EventType "swiss"]
[EventRounds "5"]
[EventCountry "WLS"]
[SourceDate "2018.11.17"]

1. Nf3 Nf6 2. d4 d5 3. c4 e6 4. g3 b6 5. Bg2 Bb7 6. O-O dxc4 7. Qa4+ Nbd7 8.
Qxc4 Be7 9. Nc3 a6 10. Re1 b5 11. Qd3 Rc8 12. e4 c5 13. d5 c4 14. Qd1 Nc5 15.
dxe6 Nxe6 16. Qc2 Qb6 17. Be3 Bc5 18. e5 Nd5 19. Bxc5 Nxc5 20. Ng5 Nxc3 21.
Bxb7 Qxb7 22. Qxc3 O-O 23. Re3 h6 24. Nf3 Ne6 25. a3 Rfd8 26. Nh4 g6 27. Rae1
Rd5 28. Ng2 Rcd8 29. Nf4 Nxf4 30. gxf4 Rd1 $2 31. e6 Rxe1+ 32. Rxe1 fxe6 33.
Qf6 Qf7 $4 34. Qxd8+ Kg7 35. Qd4+ Kh7 36. Qe5 1-0

[Event "South Wales Autumn Open"]
[Site "Newport"]
[Date "2018.11.17"]
[Round "3.10"]
[White "Morgans, Justin"]
[Black "Van Kemenade, Julie"]
[Result "0-1"]
[WhiteElo "1650"]
[BlackElo "1706"]
[PlyCount "75"]
[EventDate "2018.11.16"]
[EventType "swiss"]
[EventRounds "5"]
[EventCountry "WLS"]
[SourceDate "2018.11.17"]

1. e4 d6 2. d4 Nf6 3. Bd3 e5 4. c3 h6 5. h3 Nbd7 6. Nf3 Be7 7. O-O c6 8. Re1
Qc7 9. Nbd2 g5 10. Nf1 Nf8 11. Ng3 g4 12. hxg4 Bxg4 13. Nf5 O-O-O 14. Nxh6 Rxh6
15. Bxh6 Ng6 16. Qb3 Be6 17. Qa4 Ng4 18. Bg5 Kb8 19. g3 Rh8 20. Bxe7 Qxe7 21.
Qb4 Qf6 22. Be2 Bc8 23. Rf1 Nf4 24. Qc4 b5 25. Qxc6 Nxe2+ 26. Kg2 Nf4+ 27. Kg1
Qh6 28. Nh4 Bb7 29. Qxb5 Ng6 30. Kg2 Nxh4+ 31. gxh4 Qxh4 32. Kf3 Nh2+ 33. Ke2
Qxe4+ 34. Kd2 Nxf1+ 35. Rxf1 exd4 36. cxd4 Rc8 37. Qd3 Qxd3+ 38. Kxd3 0-1

[Event "South Wales Autumn Open"]
[Site "Newport"]
[Date "2018.11.17"]
[Round "3.11"]
[White "Chung, Ethan Cheung Jing"]
[Black "Jansen Van Rensburg, Leon"]
[Result "1-0"]
[WhiteElo "1584"]
[BlackElo "1568"]
[PlyCount "61"]
[EventDate "2018.11.16"]
[EventType "swiss"]
[EventRounds "5"]
[EventCountry "WLS"]
[SourceDate "2018.11.17"]

1. e4 d6 2. d4 Nf6 3. Nc3 g6 4. Nf3 Bg7 5. Be3 a6 6. Qd2 b5 7. Bd3 Bb7 8. a3
Ng4 9. h3 Nxe3 10. Qxe3 Nd7 11. g4 c5 12. d5 Qa5 13. Qd2 b4 14. Nd1 Rc8 15. Bc4
Nb6 16. Ba2 Na4 17. axb4 cxb4 18. Bb3 O-O 19. Rxa4 Qc7 20. Rxb4 a5 21. Ra4 e6
22. dxe6 fxe6 23. Bxe6+ Kh8 24. Bxc8 Rxc8 25. O-O Re8 26. Nc3 Qc6 27. Rxa5 Bxc3
28. Qxc3+ Qxc3 29. bxc3 Rxe4 30. Rb1 Re7 31. Ra7 1-0

[Event "South Wales Autumn Open"]
[Site "Newport"]
[Date "2018.11.18"]
[Round "4.1"]
[White "Fathallah, Joe"]
[Black "Varley, Peter"]
[Result "1/2-1/2"]
[WhiteElo "1963"]
[BlackElo "2176"]
[Annotator "John Thornton"]
[PlyCount "64"]
[EventDate "2018.11.16"]
[EventType "swiss"]
[EventRounds "5"]
[EventCountry "WLS"]
[SourceDate "2018.11.17"]

1. d4 Nf6 2. c4 e6 3. Nc3 Bb4 4. Qc2 c5 5. dxc5 Bxc5 6. Nf3 Nc6 7. a3 d5 8. b4
Nd4 9. Nxd4 Bxd4 10. e3 Be5 11. f4 Bb8 12. c5 O-O 13. Be2 d4 14. exd4 Qxd4 15.
Qd2 e5 16. Qxd4 exd4 17. Nb5 a5 18. Bb2 axb4 19. axb4 Rxa1+ 20. Bxa1 Bxf4 21.
Bxd4 Nd5 22. O-O Bd2 23. Bf3 Nxb4 24. Na7 Rd8 25. Nxc8 $6 Rxd4 26. Bxb7 Be3+
27. Kh1 Nd3 28. c6 Nf2+ 29. Kg1 Ng4+ 30. Kh1 Nf2+ 31. Kg1 Ng4+ 32. Kh1 Nf2+
1/2-1/2

[Event "South Wales Autumn Open"]
[Site "Newport"]
[Date "2018.11.18"]
[Round "4.2"]
[White "Pleasants, Allan J"]
[Black "Waddington, Mike P"]
[Result "1/2-1/2"]
[WhiteElo "2064"]
[BlackElo "2080"]
[Annotator "John Thornton"]
[PlyCount "67"]
[EventDate "2018.11.16"]
[EventType "swiss"]
[EventRounds "5"]
[EventCountry "WLS"]
[SourceDate "2018.11.17"]

1. Nf3 f5 2. g3 Nf6 3. d4 g6 4. Bg2 Bg7 5. c4 O-O 6. Nc3 d6 7. O-O Nc6 8. d5
Ne5 9. Nxe5 dxe5 10. Qb3 Kh8 11. c5 e4 12. Qc4 e5 13. Bg5 h6 14. Bxf6 Qxf6 15.
Rfd1 Rd8 16. b4 Bd7 17. Rac1 Be8 18. Nb5 Bxb5 19. Qxb5 Rdb8 20. Qd7 Qd8 21. Qf7
Kh7 22. d6 c6 23. a4 a6 24. Rb1 Qf6 25. Qxf6 Bxf6 26. b5 axb5 27. axb5 Bd8 28.
g4 $5 Kg7 29. Rb3 Kf6 30. gxf5 gxf5 31. Rdb1 $6 Rc8 32. bxc6 $2 Rxc6 33. Rxb7
Rxc5 34. d7 1/2-1/2

[Event "South Wales Autumn Open"]
[Site "Newport"]
[Date "2018.11.18"]
[Round "4.3"]
[White "Cizek, Ondrej"]
[Black "Toczek, Grzegorz"]
[Result "0-1"]
[WhiteElo "1849"]
[BlackElo "2263"]
[PlyCount "120"]
[EventDate "2018.11.16"]
[EventType "swiss"]
[EventRounds "5"]
[EventCountry "WLS"]
[SourceDate "2018.11.17"]

1. e4 c5 2. Nc3 d6 3. g3 g6 4. Bg2 Bg7 5. d3 Nc6 6. f4 e6 7. Nf3 Nge7 8. O-O
Rb8 9. Ne2 d5 10. e5 b6 11. c3 Ba6 12. Be3 O-O 13. Bf2 Qd7 14. d4 cxd4 15.
Nfxd4 Nxd4 16. Bxd4 Rfc8 17. Re1 Nc6 18. Bf2 Bf8 19. Nd4 Nxd4 20. Bxd4 Rc7 21.
Qd2 Rbc8 22. Rad1 Qa4 23. Qf2 Bc5 24. a3 Bf8 25. Rd2 Bc4 26. Bf3 Qb5 27. Be2
Bxe2 28. Qxe2 Qxe2 29. Rdxe2 Rb7 30. Rd1 a6 31. Rc2 b5 32. Rdc1 Be7 33. Kg2 h6
34. Kf3 Rc6 35. h3 Rb8 36. g4 a5 37. f5 Bg5 38. Rg1 b4 39. axb4 axb4 40. f6 Bh4
41. Ra1 Rc4 42. b3 Rc6 43. c4 dxc4 44. Rxc4 Rxc4 45. bxc4 b3 46. Rb1 Rb4 47.
Bf2 Bxf2 48. Kxf2 g5 49. c5 Rb5 50. c6 Rxe5 51. Rxb3 Rc5 52. Rb6 Kh7 53. Ke3 e5
54. Ke4 Kg6 55. c7 Rxc7 56. Kxe5 Rc3 57. Rb8 Re3+ 58. Kd4 Rxh3 59. Ke5 Re3+ 60.
Kd4 Re6 0-1

[Event "South Wales Autumn Open"]
[Site "Newport"]
[Date "2018.11.18"]
[Round "4.4"]
[White "Young, Alan"]
[Black "Turner, Joseph David"]
[Result "1-0"]
[WhiteElo "2040"]
[BlackElo "1860"]
[Annotator "John Thornton"]
[PlyCount "39"]
[EventDate "2018.11.16"]
[EventType "swiss"]
[EventRounds "5"]
[EventCountry "WLS"]
[SourceDate "2018.11.17"]

1. e4 e5 2. Nf3 Nc6 3. Bb5 a6 4. Ba4 g6 5. Nc3 Bg7 6. O-O b5 7. Bb3 d6 8. a4 b4
9. Nd5 Nge7 10. d4 O-O 11. dxe5 Nxd5 12. Bxd5 Bd7 13. Be3 (13. exd6) 13... dxe5
14. Qd3 Rb8 15. Qxa6 $5 Nd4 16. Nxd4 exd4 17. Bf4 d3 18. Qxd3 Bxb2 19. Rad1 g5
20. Qg3 1-0

[Event "South Wales Autumn Open"]
[Site "Newport"]
[Date "2018.11.18"]
[Round "4.5"]
[White "Garcia, Jason"]
[Black "Van Kemenade, Rudy"]
[Result "1-0"]
[WhiteElo "2011"]
[BlackElo "1953"]
[PlyCount "47"]
[EventDate "2018.11.16"]
[EventType "swiss"]
[EventRounds "5"]
[EventCountry "WLS"]
[SourceDate "2018.11.17"]

1. e4 d6 2. d4 Nf6 3. Nc3 Nbd7 4. f4 e5 5. Nf3 c6 6. Bc4 Nxe4 7. Nxe4 d5 8. Bb3
dxe4 9. Ng5 exf4 10. Bxf7+ Ke7 11. Qg4 Nf6 12. Qxf4 Qa5+ 13. Bd2 Qf5 14. Qc7+
Nd7 15. Rf1 Qb5 16. Nxe4 h6 17. O-O-O Qb6 18. Qg3 Kd8 19. Bb3 g5 20. h4 gxh4
21. Qxh4+ Be7 22. Bg5 Rh7 23. Bxe7+ Rxe7 24. Rf7 1-0

[Event "South Wales Autumn Open"]
[Site "Newport"]
[Date "2018.11.18"]
[Round "4.6"]
[White "Van Kemenade, Julie"]
[Black "Whitehead, Mark A"]
[Result "0-1"]
[WhiteElo "1706"]
[BlackElo "1922"]
[PlyCount "90"]
[EventDate "2018.11.16"]
[EventType "swiss"]
[EventRounds "5"]
[EventCountry "WLS"]
[SourceDate "2018.11.17"]

1. e4 c5 2. Nf3 e6 3. d3 Nc6 4. c3 g6 5. g3 Bg7 6. Bg2 Nge7 7. O-O d6 8. Re1
O-O 9. Nbd2 Rb8 10. Nf1 b5 11. h4 b4 12. Bd2 Ba6 13. Qc2 Ne5 14. Nxe5 dxe5 15.
Re3 Qd6 16. Rd1 Rfd8 17. Be1 Nc6 18. Nh2 Bb5 19. g4 a5 20. g5 h5 21. gxh6 Bxh6
22. Rh3 c4 23. d4 exd4 24. Ng4 Bg7 25. Qc1 bxc3 26. Bxc3 e5 27. Bd2 Qe6 28. Rg3
d3 29. Bh6 Nd4 30. Bf1 Nf3+ 31. Kh1 d2 32. Bxd2 Nxd2 33. Bh3 Qd6 34. h5 Ba4 35.
Re1 Qd4 36. hxg6 Rxb2 37. gxf7+ Kxf7 38. Ne3 Qxe4+ 39. Bg2 Qb1 40. Bd5+ Rxd5
41. Nxd5 Qxc1 42. Rxc1 Bc6 43. Kh2 Bxd5 44. Rd1 e4 45. Ra3 Be5+ 0-1

[Event "South Wales Autumn Open"]
[Site "Newport"]
[Date "2018.11.18"]
[Round "4.7"]
[White "Bevan, Peter M"]
[Black "Taylor, Robert Graham"]
[Result "1-0"]
[WhiteElo "1884"]
[BlackElo "1840"]
[PlyCount "73"]
[EventDate "2018.11.16"]
[EventType "swiss"]
[EventRounds "5"]
[EventCountry "WLS"]
[SourceDate "2018.11.17"]

1. Nf3 Nf6 2. c4 b6 3. g3 Bb7 4. Bg2 e6 5. O-O Be7 6. b3 O-O 7. Bb2 d5 8. d3
Nbd7 9. Nbd2 c5 10. e3 dxc4 11. bxc4 Qc7 12. Qe2 Rad8 13. Rac1 Rfe8 14. e4 Bd6
15. e5 Bxf3 16. Nxf3 Be7 17. exf6 Bxf6 18. Bxf6 gxf6 19. d4 cxd4 20. Nxd4 Ne5
21. Rfd1 a6 22. c5 b5 23. f4 Nc4 24. Nc6 Rc8 25. Rc3 Na5 26. Nxa5 Qxa5 27. Rc2
b4 28. c6 b3 29. axb3 Qb6+ 30. Kh1 Qxb3 31. Rcd2 a5 32. Rd7 e5 33. Bd5 Qa4 34.
Bxf7+ Kh8 35. Bxe8 Rxe8 36. c7 Qc6+ 37. Qg2 1-0

[Event "South Wales Autumn Open"]
[Site "Newport"]
[Date "2018.11.18"]
[Round "4.8"]
[White "Waterfield, John W"]
[Black "White, Ernest M"]
[Result "1-0"]
[WhiteElo "1929"]
[BlackElo "1806"]
[PlyCount "51"]
[EventDate "2018.11.16"]
[EventType "swiss"]
[EventRounds "5"]
[EventCountry "WLS"]
[SourceDate "2018.11.17"]

1. e4 e5 2. f4 Bc5 3. Nf3 d6 4. Nc3 Nf6 5. Bc4 a6 6. d3 Nc6 7. Nd5 O-O 8. f5 h6
9. h3 b5 10. Nxf6+ Qxf6 11. Bd5 Bd7 12. g4 Nd4 13. Bxa8 Nxf3+ 14. Qxf3 Qh4+ 15.
Ke2 Rxa8 16. Be3 Bxe3 17. Qxe3 Bc6 18. Rag1 d5 19. Qc5 dxe4 20. Qxc6 exd3+ 21.
cxd3 Rd8 22. Qe4 Qe7 23. Qe3 Rd4 24. g5 Qb4 25. Qd2 Qd6 26. Rg4 1-0

[Event "South Wales Autumn Open"]
[Site "Newport"]
[Date "2018.11.18"]
[Round "4.9"]
[White "Roberts, Paul"]
[Black "Chung, Ethan Cheung Jing"]
[Result "1-0"]
[WhiteElo "2171"]
[BlackElo "1584"]
[PlyCount "79"]
[EventDate "2018.11.16"]
[EventType "swiss"]
[EventRounds "5"]
[EventCountry "WLS"]
[SourceDate "2018.11.17"]

1. Nf3 d5 2. d4 Bg4 3. Ne5 Nf6 4. c4 c6 5. cxd5 Qxd5 6. Nc3 Qd8 7. Qb3 Qb6 8.
Qxf7+ Kd8 9. Qc4 Bh5 10. Na4 Qb5 11. Qxb5 cxb5 12. Nc5 Nbd7 13. Nexd7 Nxd7 14.
Nxb7+ Kc7 15. Na5 e5 16. Nb3 Bf7 17. e3 Bb4+ 18. Bd2 Bxd2+ 19. Kxd2 Bxb3 20.
axb3 Kb6 21. g3 Rhf8 22. f4 e4 23. Bh3 Nf6 24. Rhc1 Rf7 25. Rc5 Rc7 26. Rxc7
Kxc7 27. Rc1+ Kb6 28. Rc5 Re8 29. Bf1 a6 30. Be2 Nd7 31. Rc1 g6 32. g4 Rf8 33.
g5 Rf7 34. h4 Re7 35. Bg4 Rf7 36. Bxd7 Rxd7 37. Rc5 Re7 38. b4 Re6 39. Kc3 Rc6
40. b3 1-0

[Event "South Wales Autumn Open"]
[Site "Newport"]
[Date "2018.11.18"]
[Round "4.10"]
[White "May, Adam J"]
[Black "Denham, Colin"]
[Result "1-0"]
[WhiteElo "1913"]
[BlackElo "1651"]
[PlyCount "117"]
[EventDate "2018.11.16"]
[EventType "swiss"]
[EventRounds "5"]
[EventCountry "WLS"]
[SourceDate "2018.11.17"]

1. c4 c5 2. g3 Nc6 3. Bg2 Qc7 4. Nf3 d6 5. O-O Nf6 6. Nc3 a6 7. d4 cxd4 8. Nxd4
Nxd4 9. Qxd4 e6 10. Bd2 Bd7 11. Rac1 Rc8 12. b3 Be7 13. Rfd1 O-O 14. h3 Rfd8
15. e4 Bc6 16. Be3 Nd7 17. Qd2 Nf6 18. f4 e5 19. f5 Kh8 20. Qf2 Rg8 21. Bb6 Qb8
22. b4 Be8 23. Qe2 Rc6 24. Be3 Qc8 25. a4 Bf8 26. Nd5 Nxd5 27. exd5 Rc7 28. Bb6
Bxa4 29. Re1 Re7 30. c5 Bb5 31. Qf2 Rd7 32. c6 bxc6 33. dxc6 Rc7 34. Bxc7 Qxc7
35. Bd5 Be7 36. Bxf7 Rf8 37. Bd5 Bd3 38. Be4 Bb5 39. Qa2 Qb6+ 40. Kg2 Bd8 41.
Qe6 Qc7 42. Red1 Be7 43. Bd5 Bg5 44. Rc3 Ba4 45. Ra1 Bb5 46. h4 Bf6 47. Be4 Be7
48. Rd1 Ba4 49. Rf1 Rf6 50. Qd5 Bb5 51. Rf2 Rf8 52. Kh3 Rf6 53. g4 g6 54. g5
Rf8 55. f6 Bd8 56. Kg3 Rf7 57. Qe6 Kg8 58. Qe8+ Rf8 59. Bd5+ 1-0

[Event "South Wales Autumn Open"]
[Site "Newport"]
[Date "2018.11.18"]
[Round "4.11"]
[White "Jansen Van Rensburg, Leon"]
[Black "Morgans, Justin"]
[Result "0-1"]
[WhiteElo "1568"]
[BlackElo "1650"]
[PlyCount "61"]
[EventDate "2018.11.16"]
[EventType "swiss"]
[EventRounds "5"]
[EventCountry "WLS"]
[SourceDate "2018.11.17"]

1. e4 c6 2. Nf3 d5 3. Nc3 dxe4 4. Nxe4 Bf5 5. Ng3 Bg6 6. Nh4 e6 7. Nxg6 hxg6 8.
d3 Bd6 9. Ne4 Nf6 10. Nxd6+ Qxd6 11. h3 Nbd7 12. Qe2 O-O-O 13. Bd2 Qd5 14. Rg1
Nb6 15. b3 Qd4 16. Qd1 Nbd5 17. Qc1 Nc3 18. Be3 Qe5 19. Qb2 Nfd5 20. d4 Qh5 21.
g4 Qh4 22. Bd2 Ne4 23. O-O-O Qxf2 24. Rg2 Qf3 25. c4 Ne3 26. Bxe3 Qxe3+ 27. Kb1
Nc3+ 28. Kc2 Nxd1 29. Kxd1 Rxd4+ 30. Kc2 Rhd8 31. Qc1 0-1

[Event "South Wales Autumn Open"]
[Site "Newport"]
[Date "2018.11.18"]
[Round "5.1"]
[White "Toczek, Grzegorz"]
[Black "Young, Alan"]
[Result "1-0"]
[WhiteElo "2263"]
[BlackElo "2040"]
[PlyCount "77"]
[EventDate "2018.11.16"]
[EventType "swiss"]
[EventRounds "5"]
[EventCountry "WLS"]
[SourceDate "2018.11.17"]

1. e4 e5 2. Nf3 Nc6 3. Bb5 a6 4. Ba4 Nf6 5. O-O Be7 6. d3 b5 7. Bb3 d6 8. a3
Na5 9. Ba2 Be6 10. Nc3 Bxa2 11. Rxa2 c5 12. Bg5 O-O 13. Bxf6 Bxf6 14. Nd5 Nc6
15. c3 g6 16. a4 b4 17. Nd2 Bg7 18. Nc4 Ne7 19. Nxe7+ Qxe7 20. cxb4 cxb4 21.
Nb6 Rab8 22. a5 Rfd8 23. b3 Qe6 24. Qb1 Bh6 25. Rc2 Rb7 26. Rd1 Qe8 27. Rc4 Qb5
28. Qa2 Re8 29. Ra1 Bg5 30. Qc2 Bd8 31. Nd5 Kg7 32. Rxb4 Qd7 33. Rc4 Qb5 34. b4
Qd7 35. Rc6 Ra7 36. Qc4 Qb7 37. Rc1 Bg5 38. Rc2 Rd8 39. g3 1-0

[Event "South Wales Autumn Open"]
[Site "Newport"]
[Date "2018.11.18"]
[Round "5.2"]
[White "Varley, Peter"]
[Black "Garcia, Jason"]
[Result "1/2-1/2"]
[WhiteElo "2176"]
[BlackElo "2011"]
[Annotator "John Thornton"]
[PlyCount "66"]
[EventDate "2018.11.16"]
[EventType "swiss"]
[EventRounds "5"]
[EventCountry "WLS"]
[SourceDate "2018.11.17"]

1. d4 d5 2. c4 e6 3. Nc3 Bb4 4. e3 Nf6 5. Bd3 O-O 6. a3 Be7 7. Nf3 Nbd7 8. O-O
c5 9. cxd5 exd5 10. Bc2 c4 11. b3 Nb6 12. Ne5 cxb3 13. Bxb3 Bd7 14. Bb2 Rc8 15.
Qe2 Rc7 16. f3 Qc8 17. Rac1 a6 18. Rfd1 Be6 19. Ba2 Rd8 20. Kh1 Nfd7 21. Nd3
Nc4 22. Bxc4 Rxc4 23. Nf4 Nb6 24. Nxe6 Qxe6 25. e4 Bg5 26. Rb1 Rdc8 27. exd5 $6
Qxe2 28. Nxe2 Nxd5 29. Ng3 b5 30. Ne4 Be7 31. Kg1 f5 32. Nc5 Bxc5 33. dxc5 Nc3
(33... R4xc5 $142 $17) 1/2-1/2